000 00767nam a2200265Ia 4500
003 OSt
005 20220918222518.0
006 a|||||r|||| 00| 0
007 ta
008 220917b |||||||| |||| 00| 0 eng d
024 _a217,178
037 _cTextual
040 _aARTS
_cARTS
_beng
041 _2eng
_aeng
082 _a#:(R), P3
100 _aTurner Stephen P Ed.
_930299
245 0 _aBlackwell guide to the philosophy of the social sciences
260 _aUSA
_bBlackwell Publishing
_c2003
300 _aviii, 382p
_ccm.
490 _aBlackwell philosophy guides
650 _aSOCIAL SCIENCES
700 _a Roth Paul A Ed.
_9143380
942 _h#:(R), P3
_cTEXL
_2CC
999 _c275778
_d275778